| 000 | 00778nam a2200205Ia 4500 | ||
|---|---|---|---|
| 008 | 0000001990 sp a 0000000000spa00 | ||
| 090 | _aPSP00 B14r | ||
| 100 | 1 |
_aBalerdi, Ruiz, Rafael _d1934 |
|
| 245 | 1 | 0 |
_aRuiz Balerdi _b: pinturas _c/ fotografías J. J. Blázquez |
| 300 |
_a[28] p. _c/ 27 cm. |
||
| 500 | _aExposición realizada en Gamarra y Garrigues, Madrid, Junio, 1990 \ Con el patronazgo del maestro venezolano Jesús Rafael Soto (q.e.p.d.) | ||
| 600 | 0 | 0 |
_aBALERDI RUIZ, RAFAEL, 1934/ _xTRABAJOS PICTORICOS |
| 650 | 1 | 4 | _aARTE CONTEMPORANEO ESPAÑOL |
| 650 | 1 | 4 | _xCATALOGOS |
| 650 | 1 | 4 | _xEXPOSICIONES |
| 650 | 1 | 4 | _aPINTORES ESPAÑOLES |
| 650 | 1 | 4 | _aPINTURA ESPAÑOLA |
| 700 | 1 | _aBlázquez, J. J. | |
| 999 |
_c1542 _d1542 |
||
| 260 |
_aMadrid : Gamarra Garrigues _c1990 |
||